Southville International School and Colleges
Your cart is empty.
  • Cart
  • Lists
    Public lists Eva Luna New books Lux_list list_1
    Your lists Log in to create your own lists
  • Log in to your account
  • Your cookies
  • Search history
Southville International School and Colleges
  • Advanced search
  • Recent comments
  • Most popular
  • Libraries

Log in to your account

Log in with GOOGLE


If you do not have an external account, but do have a local account, you can still log in:

  1. Home
  2. MARC view: The whipping boy
Normal view MARC view ISBD view

The whipping boy (Record no. 10771)

[ view plain ]
MARC details
000 -LEADER
fixed length control field 00470nam a22001817a 4500
003 - CONTROL NUMBER IDENTIFIER
control field PILC
005 - DATE AND TIME OF LATEST TRANSACTION
control field 20160119101852.0
008 - FIXED-LENGTH DATA ELEMENTS--GENERAL INFORMATION
fixed length control field 121119t xxu||||| |||| 00| 0 eng d
020 ## - INTERNATIONAL STANDARD BOOK NUMBER
International Standard Book Number 9780439441421
050 ## - LIBRARY OF CONGRESS CALL NUMBER
Classification number PZ 7
Item number .F596 1986
082 ## - DEWEY DECIMAL CLASSIFICATION NUMBER
Classification number FIC
Item number F62 1986
100 ## - MAIN ENTRY--PERSONAL NAME
Personal name Fleischman, Sid
9 (RLIN) 17649
245 ## - TITLE STATEMENT
Title The whipping boy
Statement of responsibility, etc Sid Fleischman
260 ## - PUBLICATION, DISTRIBUTION, ETC. (IMPRINT)
Place of publication, distribution, etc New York :
Name of publisher, distributor, etc Scholastic,
Date of publication, distribution, etc c1986.
300 ## - PHYSICAL DESCRIPTION
Extent 90 p. :
Other physical details ill. ;
Dimensions 19 cm
942 ## - ADDED ENTRY ELEMENTS (KOHA)
Source of classification or shelving scheme Library of Congress Classification
Koha item type Books
Holdings
Withdrawn status Lost status Source of classification or shelving scheme Damaged status Home library Current library Shelving location Date acquired Total Checkouts Full call number Barcode Date last seen Copy number Price effective from Koha item type
    Library of Congress Classification   Luxembourg Library Luxembourg Library Fiction Section 09/10/2013   PZ 7 .F596 1986 17841 06/15/2015 1 09/10/2013 Books

The whipping boy

APA

Fleischman S., . (1986). The whipping boy. New York: Scholastic.

Chicago

Fleischman Sid, . 1986. The whipping boy. New York: Scholastic.

Harvard

Fleischman S., . (1986). The whipping boy. New York: Scholastic.

MLA

Fleischman Sid, . The whipping boy. New York: Scholastic. 1986.

  • Place hold
  • Print
  • Cite
  • Add to your cart (remove)
  • Save record
    BIBTEX Dublin Core MARCXML MARC (non-Unicode/MARC-8) MARC (Unicode/UTF-8) MARC (Unicode/UTF-8, Standard) MODS (XML) RIS
  • More searches
    Search for this title in:
    Other Libraries (WorldCat) Other Databases (Google Scholar) Online Stores (Bookfinder.com) Open Library (openlibrary.org)

Exporting to Dublin Core...

SOUTHVILLE LIBRARY

Southville International School and Colleges Library

1281 Tropical Ave. Cor. Luxembourg St., BF Homes International, Las Pinas City

Tel. No. 8256374 / 252358 Loc. 117/146

Powered by Koha